[Event "Summer Chess Classic-A 2019"]
[Site "Saint Louis"]
[Date "2019.06.25"]
[Round "7.1"]
[White "Le, Quang Liem"]
[Black "Xiong, Jeffery"]
[Result "1-0"]
[WhiteElo "2694"]
[BlackElo "2684"]
[Annotator "TA"]
[PlyCount "53"]
[EventDate "2019.06.18"]
[EventType "tourn"]
[EventCountry "USA"]
[SourceTitle "playchess.com"]
[Source "ChessBase"]
[SourceQuality "1"]

{[%evp 19,53,10,19,13,16,22,52,18,24,22,84,60,92,85,88,85,79,79,283,295,279,244,525,529,518,508,779,779,894,887,871,857,1946,1967,1208,1198]} 1. e4 c5 2. Nf3 d6 3. d4 cxd4 4. Nxd4 Nf6 5. Nc3 a6 6. Be3 e5 7. Nf3 Be7 8. Bc4 Qc7 9. Bb3 Be6 10. O-O O-O 11. Nh4 {B90: Sicilian Najdorf: Unusual White 6th moves, 6 Be3 Ng4 and 6 Be3 e5} g6 12. Bh6 (12. Nf3 Re8 13. Ng5 Bc4 14. Re1 Nbd7 15. a4 Qc6 16. Bxc4 Qxc4 17. a5 Qc6 18. Qd3 Rac8 {½-½ (48) Sjugirov,S (2652)-Wojtaszek,R (2738) Batumi 2018}) 12... Rd8 13. Nf3 {White is slightly better.} Bc4 14. Ng5 $146 {Threatens to win with Bxc4.} ({Predecessor:} 14. Bxc4 Qxc4 15. Nd2 Qc6 16. Bg5 Kg7 17. a4 Rc8 18. Qe2 Nbd7 {½-½ (28) Roques,P (2226)-Bergmann,M (2402) LSS email 2013}) 14... Bf8 (14... Bxb3 $11 {remains equal.} 15. axb3 Nc6) 15. Bxf8 Kxf8 16. Bxc4 Qxc4 {[#]} 17. f4 $1 $36 {[%cal Rf4f5][%mdl 2048] White is really pushing.} exf4 {[#] aiming for ...Qc5+.} 18. Kh1 $1 Qc5 $2 (18... Nbd7 $16) 19. Nd5 $18 Nxd5 20. exd5 h6 $2 {[#]} (20... Kg8 21. Rxf4 Nd7 22. Rxf7 Qe3) 21. Nxf7 $1 {[%mdl 512] White is clearly winning.} Kxf7 22. Rxf4+ ({Inferior is} 22. Qg4 Qxd5 23. Qxf4+ Kg8 $11) 22... Kg7 (22... Ke7 $142 23. Qe2+ Kd7) 23. Qe2 {Threatening mate with Qe7+!} Qc7 24. Raf1 {White wants to mate with Qe6.} ({Less strong is} 24. Qe6 Nc6 $16) 24... Nc6 25. dxc6 bxc6 26. Qe6 {Intending Rf7+ and mate.} Rf8 27. Rf6 {Accuracy: White = 88%, Black = 30%.} 1-0

[Event "Summer Chess Classic-A 2019"]
[Site "Saint Louis"]
[Date "2019.06.25"]
[Round "7.2"]
[White "Swiercz, Dariusz"]
[Black "Howell, David W L"]
[Result "1/2-1/2"]
[WhiteElo "2667"]
[BlackElo "2692"]
[Annotator "ChessBase"]
[PlyCount "221"]
[EventDate "2019.06.18"]
[EventType "tourn"]
[EventCountry "USA"]
[SourceTitle "playchess.com"]
[Source "ChessBase"]
[SourceQuality "1"]
[TimeControl "40/5400+30:1800+30"]

1. d4 {[%emt 0:00:00]} Nf6 {[%emt 0:01:19]} 2. c4 {[%emt 0:00:00]} e6 {[%emt 0:00:20]} 3. g3 {[%emt 0:00:06]} d5 {[%emt 0:00:33]} 4. Bg2 {[%emt 0:00:05]} Be7 {[%emt 0:00:06]} 5. Nf3 {[%emt 0:00:44]} O-O {[%emt 0:00:09]} 6. O-O {[%emt 0:00:52]} dxc4 {[%emt 0:00:21]} 7. Qc2 {[%emt 0:00:03]} a6 {[%emt 0:01:32]} 8. a4 {[%emt 0:00:32]} Bd7 {[%emt 0:00:36]} 9. Qxc4 {[%emt 0:00:40]} Bc6 {[%emt 0:00:09]} 10. Bf4 {[%emt 0:00:24]} Bd6 {[%emt 0:04:09]} 11. Qc1 {[%emt 0:04:19]} a5 {[%emt 0:09:27]} 12. Nc3 {[%emt 0:00:43]} Na6 {[%emt 0:00:45]} 13. Bd2 {[%emt 0:01:44]} Nb4 {[%emt 0:11:43]} 14. Qb1 {[%emt 0:07:18]} Bxf3 {[%emt 0:03:24]} 15. Bxf3 {[%emt 0:00:14]} c6 {[%emt 0:00:17]} 16. Ne4 {[%emt 0:32:51]} Nxe4 {[%emt 0:09:30]} 17. Qxe4 {[%emt 0:01:29]} Qe7 {[%emt 0:00:06]} 18. Rad1 {[%emt 0:09:46]} Rad8 {[%emt 0:05:09]} 19. Bc3 {[%emt 0:03:22]} Bc7 {[%emt 0:00:22]} 20. b3 {[%emt 0:09:10]} Rd7 {[%emt 0:02:45]} 21. Rd2 {[%emt 0:05:18]} Rfd8 {[%emt 0:16:13]} 22. Rfd1 {[%emt 0:00:21]} h6 {[%emt 0:09:54]} 23. Qb1 {[%emt 0:05:59]} Bb6 {[%emt 0:08:31]} 24. e3 {[%emt 0:05:11]} Nd5 {[%emt 0:00:29]} 25. Bb2 {[%emt 0:00:10]} Nb4 {[%emt 0:00:06]} 26. Bc3 {[%emt 0:03:09]} Nd5 {[%emt 0:00:13]} 27. Ba1 {[%emt 0:00:33]} Nb4 {[%emt 0:03:58]} 28. Qc1 {[%emt 0:01:08]} Rd6 {[%emt 0:02:16]} 29. Qc3 {[%emt 0:03:15]} Qf6 {[%emt 0:06:33]} 30. Kg2 {[%emt 0:01:10]} Qg6 {[%emt 0:00:03]} 31. Bb2 {[%emt 0:02:07]} R6d7 {[%emt 0:00:07]} 32. h4 {[%emt 0:02:08]} Bc7 {[%emt 0:02:33]} 33. Qc1 {[%emt 0:00:45]} e5 {[%emt 0:00:44]} 34. h5 {[%emt 0:00:40]} Qf5 {[%emt 0:01:18]} 35. dxe5 {[%emt 0:00:40]} Rxd2 {[%emt 0:01:15]} 36. Rxd2 {[%emt 0:00:01]} Rxd2 {[%emt 0:00:33]} 37. Qxd2 {[%emt 0:00:06]} Nd3 {[%emt 0:00:29]} 38. e4 {[%emt 0:01:23]} Qd7 {[%emt 0:00:03]} 39. Bg4 {[%emt 0:00:31]} Ne1+ {[%emt 0:00:58]} 40. Qxe1 {[%emt 0:00:00]} Qxg4 {[%emt 0:00:00]} 41. f3 {[%emt 0:12:22]} Qxh5 {[%emt 0:01:58]} 42. Qd2 {[%emt 0:00:11]} Qg5 {[%emt 0:07:46]} 43. Qxg5 {[%emt 0:15:44]} hxg5 {[%emt 0:00:20]} 44. Kh3 {[%emt 0:00:02]} Kh7 {[%emt 0:00:41]} 45. Kg4 {[%emt 0:00:04]} Kg6 {[%emt 0:00:10]} 46. Bc3 {[%emt 0:03:54]} b5 {[%emt 0:01:54]} 47. f4 {[%emt 0:00:08]} gxf4 {[%emt 0:00:06]} 48. gxf4 {[%emt 0:00:03]} Kh7 {[%emt 0:01:58]} 49. Kf5 {[%emt 0:02:26]} Bd8 {[%emt 0:11:28]} 50. e6 {[%emt 0:00:08]} Kg8 {[%emt 0:01:02]} 51. e7 {[%emt 0:00:58]} Bxe7 {[%emt 0:00:04]} 52. Bxa5 {[%emt 0:00:02]} bxa4 {[%emt 0:00:14]} 53. bxa4 Kf8 {[%emt 0:00:12]} 54. Bb6 {[%emt 0:01:27]} Ke8 {[%emt 0:00:10]} 55. a5 {[%emt 0:00:16]} Kd7 {[%emt 0:00:07]} 56. a6 {[%emt 0:00:07]} Kc8 {[%emt 0:00:44]} 57. Kg4 {[%emt 0:01:09]} g6 {[%emt 0:01:20]} 58. Kf3 {[%emt 0:00:22]} Kb8 {[%emt 0:00:55]} 59. Ke3 {[%emt 0:00:34]} Bd6 {[%emt 0:00:35]} 60. f5 {[%emt 0:00:27]} gxf5 {[%emt 0:01:05]} 61. exf5 {[%emt 0:00:01]} Ka8 {[%emt 0:01:18]} 62. Kd4 {[%emt 0:00:05]} Be7 {[%emt 0:03:28]} 63. Bc5 {[%emt 0:00:37]} Bf6+ {[%emt 0:00:18]} 64. Kd3 {[%emt 0:00:27]} Kb8 {[%emt 0:00:59]} 65. Kc4 {[%emt 0:00:05]} Kc7 {[%emt 0:02:16]} 66. Ba7 {[%emt 0:00:09]} Bh4 {[%emt 0:01:14]} 67. Kd3 {[%emt 0:00:13]} Bg5 {[%emt 0:01:01]} 68. Bc5 {[%emt 0:00:09]} Kb8 {[%emt 0:00:43]} 69. Ke4 {[%emt 0:00:02]} Bf6 {[%emt 0:00:20]} 70. Bb6 {[%emt 0:01:29]} Ka8 {[%emt 0:00:32]} 71. Kf4 {[%emt 0:01:10]} Kb8 {[%emt 0:00:11]} 72. Kg4 {[%emt 0:00:14]} Ka8 {[%emt 0:00:05]} 73. Kh5 {[%emt 0:00:39]} Bg7 {[%emt 0:00:05]} 74. Kg5 {[%emt 0:00:05]} Kb8 {[%emt 0:00:05]} 75. Bc5 {[%emt 0:00:12]} Ka8 {[%emt 0:00:12]} 76. Kf4 {[%emt 0:00:22]} Bc3 {[%emt 0:00:45]} 77. Ke4 {[%emt 0:00:15]} Bf6 {[%emt 0:00:05]} 78. Bd4 {[%emt 0:00:24]} Be7 {[%emt 0:00:11]} 79. Ke5 {[%emt 0:01:34]} Kb8 {[%emt 0:00:04]} 80. Bf2 {[%emt 0:00:22]} Ka8 {[%emt 0:00:12]} 81. Bb6 {[%emt 0:00:17]} Kb8 {[%emt 0:00:04]} 82. Kd4 {[%emt 0:00:12]} Ka8 {[%emt 0:01:03]} 83. Kc4 {[%emt 0:00:07]} Bd6 {[%emt 0:00:58]} 84. Bf2 {[%emt 0:00:22]} Be7 {[%emt 0:00:46]} 85. Bc5 {[%emt 0:00:18]} Bh4 {[%emt 0:01:11]} 86. Bg1 {[%emt 0:01:56]} Be7 {[%emt 0:00:11]} 87. Bf2 {[%emt 0:00:01]} Bd6 {[%emt 0:00:23]} 88. Bc5 {[%emt 0:00:53]} Bg3 {[%emt 0:00:17]} 89. Kb4 {[%emt 0:00:10]} Be1+ {[%emt 0:00:51]} 90. Kb3 {[%emt 0:01:31]} Bg3 {[%emt 0:00:35]} 91. Kc2 {[%emt 0:00:12]} Bf4 {[%emt 0:00:45]} 92. Kc3 {[%emt 0:00:28]} Bg3 {[%emt 0:00:08]} 93. Kd2 {[%emt 0:00:17]} Bb8 {[%emt 0:00:51]} 94. Ke3 {[%emt 0:00:39]} Be5 {[%emt 0:00:27]} 95. Kf3 {[%emt 0:00:52]} Bf6 {[%emt 0:01:13]} 96. Kg4 {[%emt 0:00:21]} Be5 {[%emt 0:00:10]} 97. Kg5 {[%emt 0:00:43]} Bg7 {[%emt 0:00:05]} 98. Bb6 {[%emt 0:01:00]} Kb8 {[%emt 0:00:06]} 99. Be3 {[%emt 0:00:20]} Ka8 {[%emt 0:00:09]} 100. Bc5 {[%emt 0:00:05]} Kb8 {[%emt 0:00:09]} 101. f6 {[%emt 0:01:03]} Bh8 {[%emt 0:00:04]} 102. Bd4 {[%emt 0:00:14]} Ka8 {[%emt 0:00:05]} 103. Kf5 {[%emt 0:00:51]} Kb8 {[%emt 0:00:07]} 104. Bc5 {[%emt 0:00:16]} Ka8 {[%emt 0:00:04]} 105. Bf8 {[%emt 0:00:12]} Bxf6 {[%emt 0:00:06]} 106. Kxf6 {[%emt 0:00:03]} Ka7 {[%emt 0:00:04]} 107. Kxf7 {[%emt 0:00:05]} Kb6 {[%emt 0:00:08]} 108. Ke6 {[%emt 0:00:05]} Ka7 {[%emt 0:00:05]} 109. Kd7 {[%emt 0:00:04]} Kb6 {[%emt 0:00:04]} 110. Bc5+ {[%emt 0:00:05]} Kxa6 {[%emt 0:00:04]} 111. Kxc6 {[%emt 0:00:04]} 1/2-1/2

[Event "Summer Chess Classic-A 2019"]
[Site "Saint Louis"]
[Date "2019.06.25"]
[Round "7.3"]
[White "Shankland, Sam"]
[Black "Jones, Gawain C B"]
[Result "1/2-1/2"]
[WhiteElo "2717"]
[BlackElo "2709"]
[Annotator "TA"]
[PlyCount "171"]
[EventDate "2019.06.18"]
[EventType "tourn"]
[EventCountry "USA"]
[SourceTitle "playchess.com"]
[Source "ChessBase"]
[SourceQuality "1"]

{[%evp 20,171,42,31,47,31,22,15,26,-6,-9,-8,-6,-20,-8,-11,40,-31,-34,-27,-21,-25,-19,-22,-6,-25,-24,-29,-14,-47,-42,-47,-43,-52,-51,-51,-43,-42,-10,-20,-15,-58,-66,-58,-20,-22,-22,-21,-25,-87,-87,-83,-82,-75,-54,-48,-8,-8,-8,-41,-40,-35,-29,-29,-29,-29,-29,-29,-29,-36,-16,-24,-25,-25,0,-16,-16,-16,-16,-16,-16,-16,-16,-16,-8,-11,-11,-16,-16,-16,-16,-16,-16,-16,-16,-16,-16,-16,-16,-16,-16,-16,-16,-16,-16,-16,-16,-16,-16,-16,-16,-16,-16,-16,-16,-16,-16,-16,-16,-16,-16,-16,-16,-16,-16,-16,0,-16,0,-16,-16,-16,-16,-16,-16,-16,-16,-16,-16,-16,-16,-16,-16,-17,-16,-16,-16,-16,0,-16,0,-16,0,8]} 1. d4 Nf6 2. c4 g6 3. Nc3 d5 4. cxd5 Nxd5 5. e4 Nxc3 6. bxc3 Bg7 7. Be3 c5 8. Rc1 Qa5 9. Qd2 O-O 10. Nf3 Bg4 11. d5 b5 {D85: Exchange Grünfeld: Unusual White 7th moves and lines with 7 Nf3} (11... Nd7 12. c4 Qa3 13. Be2 Bxf3 14. Bxf3 Bd4 15. Bxd4 cxd4 16. O-O Ne5 17. Qxd4 Nxf3+ 18. gxf3 Qxf3 19. Rc3 {0-1 (40) Kramnik,V (2783)-Grischuk,A (2792) Stavanger 2014}) 12. Be2 Nd7 13. O-O Rad8 $146 ({Predecessor:} 13... Rac8 14. h3 Bxf3 15. Bxf3 Qa4 16. Bg4 Rcd8 17. Qc2 Qxc2 18. Rxc2 {1-0 (35) Hort,V (2455)-Petrova,K (2310) Podebrady 2012}) 14. Rfe1 Bxf3 15. Bxf3 c4 16. h4 e6 17. Bg5 Ne5 (17... f6 $11 18. Be3 Ne5) 18. Be2 ({White should try} 18. Bxd8 $14 Qxd8 19. Be2) 18... Rd7 $15 19. f4 h6 {[#] And now ...Nd3! would win.} 20. fxe5 hxg5 21. Qxg5 Qd8 ({Don't play} 21... exd5 $6 22. Bg4 $16) 22. Qxd8 Rdxd8 23. a4 a6 24. axb5 axb5 25. Rb1 Rb8 26. Rb4 Bxe5 27. Reb1 Bxc3 28. Rxb5 Bd4+ 29. Kf1 Rbc8 30. d6 c3 {[#] aiming for ...c2.} 31. Bd3 Rcd8 32. e5 f6 33. exf6 Bxf6 34. h5 (34. Ke2 $11) 34... Rxd6 $17 35. Ke2 gxh5 36. Rxh5 Rfd8 37. Rh3 Rd5 38. Rb7 R8d7 39. Rb8+ Kf7 {...Rc5 is the strong threat.} 40. Rc8 Re5+ 41. Kf2 Rg5 42. Rh7+ Rg7 43. Rxg7+ Bxg7 $11 {[%mdl 4096] Endgame KRB-KRB} 44. Ke2 Be5 45. Rc6 Ke7 46. g4 Kf6 47. g5+ {The position is equal.} Kxg5 48. Rxe6 Kf4 49. Re8 Rd6 50. Rf8+ Bf6 51. Re8 Bg5 52. Rf8+ Kg4 53. Rg8 c2 54. Rxg5+ $1 Kxg5 55. Bxc2 {KR-KB} Kf4 56. Bh7 Ke5 57. Bb1 Kd4 58. Kf3 Rf6+ 59. Ke2 $1 Rf8 60. Bh7 $1 Rh8 61. Bg6 Rh3 62. Bf5 Re3+ (62... Rh1 {looks sharper.} 63. Kf2 Ke5 64. Bd7 Rh7 65. Bc6 Rc7) 63. Kf2 Re7 {( -> ...Rf7!)} 64. Kf3 Rf7 65. Kf4 Rf8 66. Kg4 Ke5 67. Bh7 Rf2 68. Bd3 Rd2 69. Bh7 Rd8 70. Kf3 Rh8 71. Bg6 Rh3+ 72. Ke2 Kd4 73. Bf5 Re3+ (73... Rh1 {with more complications.} 74. Kf2 Ke5 75. Bd7 Rh7 76. Bc6 Rc7) 74. Kf2 Re5 75. Bc2 Rc5 76. Bh7 Rh5 77. Bg6 Rh6 78. Bb1 Rh4 (78... Rb6 $5 79. Bh7 $8 Rb2+ 80. Kf3 Rh2 $11) 79. Kf3 Rh3+ 80. Ke2 Re3+ 81. Kf2 Re7 82. Kf3 Rb7 83. Bf5 Rf7 84. Kf4 Rf8 85. Kg4 $1 Rxf5 86. Kxf5 {Accuracy: White = 69%, Black = 57%.} 1/2-1/2

[Event "Summer Chess Classic-A 2019"]
[Site "Saint Louis"]
[Date "2019.06.26"]
[Round "8.1"]
[White "Xiong, Jeffery"]
[Black "Shankland, Sam"]
[Result "1/2-1/2"]
[WhiteElo "2684"]
[BlackElo "2717"]
[Annotator "TA"]
[PlyCount "87"]
[EventDate "2019.06.18"]
[EventType "tourn"]
[EventCountry "USA"]
[SourceTitle "playchess.com"]
[Source "ChessBase"]
[SourceQuality "1"]

{[%evp 18,87,10,8,9,11,15,22,20,6,14,15,14,14,8,9,16,9,0,0,17,-10,-16,-66,-55,-68,-67,-57,-63,-44,-48,-45,-50,-60,-42,-48,-48,-37,7,0,2,0,0,-7,0,0,3,7,6,0,7,2,2,2,2,0,4,4,4,4,4,4,4,5,19,0,0,0,2,4,4,4]} 1. d4 Nf6 2. c4 e6 3. Nf3 d5 4. g3 Bb4+ 5. Bd2 Be7 6. Bg2 O-O 7. O-O c6 8. Qc2 b6 9. Rd1 Nbd7 10. b3 h6 {E11: Bogo-Indian} (10... Bb7 11. Nc3 Ba6 12. e4 dxc4 13. Bf4 b5 14. bxc4 bxc4 15. h3 Qa5 16. Bd2 Qc7 17. Re1 Rfe8 18. Rac1 {½-½ (69) Cheparinov,I (2667)-Gelfand,B (2676) Hengshui 2019}) 11. Bc3 Bb7 12. Nbd2 Qc7 13. Rac1 $146 ({Predecessor:} 13. e4 dxe4 14. Nxe4 Nxe4 15. Qxe4 c5 16. Qe3 Rfe8 17. Rd2 Rad8 18. Rad1 Qc8 19. dxc5 Nxc5 20. Rxd8 Rxd8 21. Rxd8+ Qxd8 22. Ne1 Bxg2 23. Kxg2 {½-½ (23) Alfaro de Hombre,J (2197)-Bartsch,R (2090) ICCF email 2016}) 13... Rac8 14. Qb2 Qb8 15. Ne5 Nxe5 16. dxe5 Nd7 17. b4 Rfd8 18. a3 Qa8 19. e4 Nf8 20. c5 bxc5 {Strongly threatening ...d4.} 21. bxc5 Bxc5 22. Ba5 {[#]} Bb6 $1 {[%cal Rb6a5][%mdl 512]} 23. Bxb6 axb6 24. Qxb6 Nd7 25. Qe3 Ba6 26. f4 d4 27. Qxd4 Be2 (27... Nxe5 $5 28. Qxe5 Be2 $14) 28. Re1 {The position is equal.} Qxa3 29. Rc3 Qa6 30. Nb3 Bb5 31. Ra1 Qb6 32. Qxb6 Nxb6 33. Bf1 g6 34. Bxb5 cxb5 35. Rxc8 Rxc8 $11 {[%mdl 4096] Endgame KRN-KRN} 36. Ra5 Rc4 37. Rxb5 Na4 38. Na5 Rc5 39. Rb8+ Kg7 40. Ra8 Nb6 41. Ra6 Rc1+ 42. Kf2 Ra1 43. Rxb6 Rxa5 44. Rb2 {Accuracy: White = 63%, Black = 69%.} 1/2-1/2

[Event "Summer Chess Classic-A 2019"]
[Site "Saint Louis"]
[Date "2019.06.26"]
[Round "8.2"]
[White "Jones, Gawain C B"]
[Black "Swiercz, Dariusz"]
[Result "0-1"]
[WhiteElo "2709"]
[BlackElo "2667"]
[Annotator "TA"]
[PlyCount "74"]
[EventDate "2019.06.18"]
[EventType "tourn"]
[EventCountry "USA"]
[SourceTitle "playchess.com"]
[Source "ChessBase"]
[SourceQuality "1"]

{[%evp 13,74,0,3,0,8,0,0,-8,9,-4,0,0,5,21,11,9,15,17,11,11,15,8,34,-8,-12,-70,-41,-52,-38,-97,-93,-212,-203,-237,-231,-257,-267,-266,-268,-282,-268,-318,-272,-478,-417,-851,-850,-850,-793,-966,-943,-1125,-1046,-1668,-1671,-3663,-3472,-29983,-29984,-29989,-29987,-29988,-29989]} 1. e4 c5 2. Nf3 e6 3. c3 Nf6 4. e5 Nd5 5. Bc4 d6 6. d4 cxd4 7. cxd4 Be7 8. O-O {B22: Sicilian: 2 c3} O-O 9. exd6 (9. Bd2 dxe5 10. dxe5 Nb6 11. Bb3 Bd7 12. Qe2 Ba4 13. Bxa4 Nxa4 14. Nc3 Nxc3 15. Bxc3 Nc6 {½-½ (30) Petrov,N (2591)-Zvjaginsev,V (2642) Skopje 2019}) 9... Qxd6 10. Nc3 {The position is equal.} Nxc3 11. bxc3 b6 12. Ne5 Nc6 13. Bf4 Nxe5 14. Bxe5 Qc6 15. Bb3 $146 ({Predecessor:} 15. Bd3 Bb7 {0-1 (45) Blazeka,M (2249)-Loncar,R (2389) Hum na Sutli 2012}) 15... Bb7 {[%csl Gb7][%cal Rc6g2] [#]} 16. Qg4 {[%csl Ge5][%cal Rg4g7]} g6 17. Rfe1 Qxc3 18. Qf4 (18. Rec1 $5 {[%cal Rc1c3]} Qb2 19. Rab1 $11) 18... Bd5 $40 {[%mdl 128] Black attacks.} 19. Rec1 (19. Rac1 $11 Qa5 20. Bxd5 (20. Qh6 f6 $17) 20... exd5 21. h4 (21. Qh6 f6 $17)) 19... Qb4 20. Rab1 Qa3 21. Rc3 ({White should play} 21. h4 $1 $15) 21... Bxb3 22. Rcxb3 (22. axb3 $17 Rac8 23. Rxc8 Rxc8 24. h4) 22... Qxa2 $19 23. d5 exd5 24. Bd4 {White wants to play Qe5!} Bc5 25. Bxc5 bxc5 26. h4 Qc2 27. Rb7 Qe4 28. Qc7 $2 (28. Qxe4 dxe4 29. Re7) 28... Rac8 29. Qd7 (29. Qe7 $142) 29... c4 {[%cal Bc5c4,Bc4c3,Bc3c2][%mdl 32]} 30. h5 c3 {[#] ...c2 is the strong threat.} 31. Rc1 d4 {And now ...d3 would win.} 32. Rb4 Rfd8 33. Qxa7 c2 34. Qa4 Qc6 35. Qa7 d3 {Black mates.} 36. Rf4 Rd7 37. Qa1 d2 {Accuracy: White = 20%, Black = 69%.} 0-1

[Event "Summer Chess Classic-A 2019"]
[Site "Saint Louis"]
[Date "2019.06.26"]
[Round "8.3"]
[White "Howell, David W L"]
[Black "Le, Quang Liem"]
[Result "1/2-1/2"]
[WhiteElo "2692"]
[BlackElo "2694"]
[Annotator "TA"]
[PlyCount "61"]
[EventDate "2019.06.18"]
[EventType "tourn"]
[EventCountry "USA"]
[SourceTitle "playchess.com"]
[Source "ChessBase"]
[SourceQuality "1"]

{[%evp 14,61,0,0,20,10,27,0,30,40,45,45,45,50,38,10,10,8,8,8,10,9,9,9,9,9,9,8,8,9,9,8,4,4,4,10,10,10,8,0,0,0,0,0,0,0,0,0,0,0]} 1. Nf3 Nf6 2. g3 b6 3. Bg2 Bb7 4. O-O e6 5. c4 Be7 6. b3 O-O 7. Bb2 c5 8. d4 Na6 {A30: Symmetrical English: Double Fianchetto and Hedgehog} (8... cxd4 9. Qxd4 Nc6 10. Qf4 Qb8 11. Nc3 Rd8 12. Rfd1 h6 13. Rac1 a6 14. Na4 Qa7 15. Qc7 b5 16. Bxf6 Rac8 17. Qb6 Bxf6 18. Qxa7 Nxa7 19. Nb6 Rc7 20. cxb5 Rxc1 21. Rxc1 Nxb5 {½-½ (47) Nakamura,H (2746)-Jobava,B (2627) St Petersburg 2018}) 9. Nc3 d5 10. Ne1 $146 ({Predecessor:} 10. Ne5 Nc7 11. e3 Bd6 12. a4 Qc8 13. cxd5 exd5 14. Rc1 Qe6 15. Ne2 Rfd8 16. Nd3 Ne4 17. Nef4 Qh6 18. f3 Ng5 19. dxc5 bxc5 20. Nxc5 Bxc5 21. Rxc5 {1-0 (28) Epishin,V (2614)-Thinius,M (2384) Geneve 2005}) 10... Nc7 11. dxc5 Bxc5 12. Nd3 Be7 13. Nf4 Rc8 14. Qd2 Ba8 {The position is equal.} 15. cxd5 Ncxd5 16. Ncxd5 Nxd5 17. Nxd5 Bxd5 18. Bxd5 Qxd5 19. Qxd5 exd5 20. Rac1 f6 21. Rfd1 Rfd8 22. Kg2 Kf7 23. Kf3 Ke6 24. Ke3 Bd6 25. Kd3 Be5 26. Bd4 Bxd4 27. Kxd4 Kd6 28. Kd3 a5 29. h4 Rc5 30. Rc3 Re8 {next ...Rxc3+ is good for Black.} 31. Rdc1 {Accuracy: White = 79%, Black = 80%.} 1/2-1/2

[Event "Summer Chess Classic-A 2019"]
[Site "Saint Louis"]
[Date "2019.06.27"]
[Round "9.1"]
[White "Howell, David W L"]
[Black "Xiong, Jeffery"]
[Result "0-1"]
[WhiteElo "2692"]
[BlackElo "2684"]
[Annotator "TA"]
[PlyCount "78"]
[EventDate "2019.06.18"]
[EventType "tourn"]
[EventCountry "USA"]
[SourceTitle "playchess.com"]
[Source "ChessBase"]
[SourceQuality "1"]

{[%evp 9,78,12,20,16,12,0,0,0,0,0,0,0,0,-74,-97,-95,-88,-78,-100,-97,-85,-75,-79,-122,-75,-94,-70,-77,-74,-225,-211,-215,-223,-317,-310,-314,-307,-296,-258,-251,-245,-260,-244,-256,-238,-342,-334,-325,-333,-435,-439,-445,-431,-430,-422,-443,-450,-461,-454,-439,-432,-439,-426,-434,-429,-450,-435,-468,-466,-450,-439]} 1. Nf3 d5 2. g3 Nd7 3. c4 dxc4 4. Qa4 g6 (4... a6 5. Qxc4 b5 6. Qc2 Bb7 7. Bg2 Ngf6 8. O-O e6 9. a4 c5 10. axb5 axb5 11. Rxa8 Qxa8 12. Na3 Bc6 13. Ne1 Nd5 14. d4 Be7 15. dxc5 Nxc5 16. Bxd5 exd5 17. Nd3 Nxd3 18. Qxd3 b4 19. Nc2 O-O 20. Bd2 {½-½ (30) Van Foreest,J (2640)-Christiansen,J (2506) Pardubice 2018}) 5. Qxc4 Bg7 6. d4 $146 {A09: Réti Opening: 1 Nf3 d5 2 c4} ({Predecessor:} 6. Bg2 e5 7. O-O Ne7 8. d3 h6 9. Qc2 O-O 10. Nc3 Nc6 11. Rb1 Nb6 {0-1 (38) Franciskovic,B (2123)-Krivec,J (2299) Rijeka 2006}) 6... Nh6 7. Nc3 Nb6 8. Qc5 {The position is equal.} Nf5 {[%cal Rf5d4]} 9. Bf4 Nxd4 {[%cal Rd4c2]} 10. O-O-O {[%cal Rf3d4]} Nd7 11. Qxc7 (11. Qa3 $1 $11 Ne6 12. Be3) 11... Qxc7 $17 12. Bxc7 Ne6 13. Ba5 b6 14. Bb4 a5 15. Ba3 Bb7 16. Bg2 Nec5 17. Nb5 {Black must now prevent Nc7+.} Rc8 $36 {[%mdl 2048] Strongly threatening ...Nd3+. Black is more active.} 18. Na7 Rb8 19. Ne1 $2 {[#]} (19. Rhg1 $17) 19... Bxg2 $1 $19 20. Nxg2 {[#]} Ne4 $1 21. Rxd7 (21. Rd5 $142 Rb7 22. Nb5 Nxf2 23. Rf1) 21... Kxd7 22. Rd1+ Kc7 23. f3 Nc5 24. Ne3 Rhd8 25. Rxd8 Rxd8 26. Bxc5 bxc5 {[%mdl 4096] Endgame KRB-KNN} 27. a4 (27. Nb5+ {keeps fighting.} Kc6 28. Na3) 27... Bh6 28. f4 {[#]} e5 $1 29. Ng4 (29. fxe5 Bxe3+) 29... Bg7 {Black is clearly winning.} 30. fxe5 h5 31. Nb5+ Kc6 32. Nf2 Bxe5 33. Nd3 Bb8 34. Na3 {[#]} h4 $1 35. Nc4 (35. gxh4 Rd4) 35... Bc7 36. b3 Rd5 37. gxh4 Rh5 38. h3 Rxh4 39. Nf2 f5 {Accuracy: White = 63%, Black = 92%.} 0-1

[Event "Summer Chess Classic-A 2019"]
[Site "Saint Louis"]
[Date "2019.06.27"]
[Round "9.2"]
[White "Le, Quang Liem"]
[Black "Jones, Gawain C B"]
[Result "1-0"]
[WhiteElo "2694"]
[BlackElo "2709"]
[Annotator "TA"]
[PlyCount "77"]
[EventDate "2019.06.18"]
[EventType "tourn"]
[EventCountry "USA"]
[SourceTitle "playchess.com"]
[Source "ChessBase"]
[SourceQuality "1"]

{[%evp 14,77,16,11,7,6,4,2,15,0,0,0,4,0,0,0,0,-7,0,0,0,-16,0,0,0,-17,-6,-13,-12,-8,0,-9,0,-2,0,0,44,41,48,42,37,41,28,36,77,80,154,164,162,154,327,56,52,0,302,252,500,477,679,679,653,671,29987,29988,29990,29991]} 1. e4 e5 2. Nf3 Nc6 3. Bb5 a6 4. Ba4 Nf6 5. O-O Bc5 6. Bxc6 dxc6 7. d3 Bd6 8. Nbd2 Be6 {C85: Closed Ruy Lopez: Deferred Exchange Variation} 9. b3 Nd7 (9... c5 10. a4 O-O 11. a5 Nd7 12. Nc4 f6 13. Kh1 Nb8 14. Ng1 Nc6 15. Ne2 Qd7 16. Be3 {1-0 (86) Howell,D (2620)-Negi,P (2661) Leiden 2012}) 10. a4 a5 $146 {The position is equal.} ({Predecessor:} 10... Qf6 11. Nc4 Bg4 12. h3 Bxf3 13. Qxf3 Qxf3 14. gxf3 Nf8 15. f4 exf4 16. Nxd6+ cxd6 17. Bxf4 {½-½ (31) Har Even,A (2446)-Petkov,S (2351) ICCF email 2012}) 11. Nc4 Bxc4 12. bxc4 O-O 13. Rb1 Re8 14. c3 b6 15. Bg5 Be7 16. Be3 Bf6 17. Qc2 c5 18. g3 Nf8 19. Ne1 Qd7 20. f4 exf4 21. gxf4 Rad8 22. f5 h6 23. Rf3 Nh7 24. Bf4 Qe7 25. Ng2 Be5 26. Rbf1 Nf6 27. Kh1 Kh8 28. Rh3 Rd6 29. Rg1 $1 Red8 {[#]} ({Black should try} 29... Rdd8) 30. Bxe5 $1 $16 Qxe5 {[#]} 31. Ne1 $1 Ne8 $2 (31... Qf4 $16 {was necessary.}) 32. Rg4 $2 (32. Qc1 $18) 32... Nf6 33. Rg1 $2 (33. Rg2 $14) 33... Ne8 $1 $18 34. Qc1 $40 {[%mdl 128] White has strong attack.} Qe7 $2 (34... Qf6 35. Qe3 R6d7) 35. Qf4 Qd7 (35... b5 $142 36. e5 Rb6 37. axb5 Qf8) 36. e5 Qc6+ 37. Nf3 Rxd3 {[#]} 38. f6 $1 {[%mdl 512]} Kg8 (38... gxf6 39. Rxh6#) 39. Qxh6 {Accuracy: White = 69%, Black = 36%.} 1-0